000 01310nam a2200373 i 4500
001 192971
003 ES-MaACL
005 20250727021745.0
007 ta
008 230713s2018 sp a | |||| 000 0dspa
017 _aM 33056-2017
_bOficina Depósito Legal Madrid
035 _aa6957148
040 _bspa
_cES-MaACL
_erda
080 _a821.134.2 Caro Baroja, Julio 1.07
080 _a929 Caro Baroja, Julio
080 _a39
080 _a94(460-69:28)
100 1 _aCaro Baroja, Julio,
_d1914-1995
_eaut
_935403
245 1 0 _aMás al espíritu que a la letra /
_cJulio Caro Baroja.
264 1 _a[Madrid] :
_bFundación de Cultura Islámica,
_c[2018]
300 _a125 páginas :
_bilustraciones (blanco y negro y color) ;
_c25 cm
336 _aTexto
_aImagen fija
_2rdacontent
337 _asin mediación
_2rdamedia
338 _avolumen
_2rdacarrier
500 _aÍndice
600 1 4 _aCaro Baroja, Julio,
_d1914-1995
_935403
650 7 _aAntropología cultural y social
_2embne
_99867
651 4 _aAl-Andalus
_2embne
_9233712
710 2 _aFundación de Cultura Islámica
_9233713
_eedt
852 _aES-MaACL
_bR. 152707
_cDEPOJ
_hDonación: Editorial
_jN-8495
_xCartoné
_9200273
942 _n0
_cMONOGRAFIA
999 _c192971
_d192971